[Event "New Hampshire op 53rd"]
[Site "Merrimack"]
[Date "2003.07.27"]
[Round "4"]
[White "Terrie, Henry L"]
[Black "Morrissey, Leonard"]
[Result "0-1"]
[WhiteElo "2200"]
[BlackElo "1986"]
[PlyCount "86"]
[EventDate "2003.??.??"]
[EventType "swiss"]
[EventRounds "5"]
[EventCountry "USA"]
[SourceTitle "EXT 2005"]
[Source "ChessBase"]
[SourceDate "2004.11.15"]
[SourceVersion "1"]
[SourceVersionDate "2004.11.15"]
[SourceQuality "1"]

1. c4 e5 2. Nc3 Nc6 3. Nf3 Nf6 4. e3 d6 5. d4 Be7 6. d5 Nb8 7. e4 0-0 8. Be2 Ne8 9. 0-0 f5 10. exf5 Bxf5 11. Be3 Bf6 12. Nd2 Bg5 13. Bxg5 Qxg5 14. Nde4 Bxe4 15. Nxe4 Qf4 16. Bd3 Nd7 17. g3 Qh6 18. h4 g6 19. Ng5 Ng7 20. Be2 Rae8 21. Bg4 Nf5 22. Ne6 Rf7 23. Nxc7 Rc8 24. Nb5 Rxc4 25. Rc1 Rb4 26. Bxf5 gxf5 27. Rc8+ Nf8 28. Qe2 Rxh4 29. Qf3 e4 30. Qg2 Rg4 31. Nd4 Kg7 32. Rfc1 Qf6 33. Rxf8 Qxd4 34. Rxf7+ Kxf7 35. Rc7+ Kg6 36. Qh3 h6 37. Rc3 Qd1+ 38. Qf1 Qxd5 39. Qe2 h5 40. Kh2 h4 41. Qc4 hxg3+ 42. fxg3 Qxc4 43. Rxc4 Kf6 0-1

[Event "New Hampshire op 52nd"]
[Site "Manchester"]
[Date "2002.07.13"]
[Round "2"]
[White "Paschall, William M"]
[Black "Morrissey, Leonard"]
[Result "1/2-1/2"]
[WhiteElo "2467"]
[BlackElo "2120"]
[PlyCount "84"]
[EventDate "2002.07.??"]
[EventType "swiss"]
[EventRounds "5"]
[EventCountry "USA"]
[SourceTitle "EXT 2005"]
[Source "ChessBase"]
[SourceDate "2004.11.15"]
[SourceVersion "1"]
[SourceVersionDate "2004.11.15"]
[SourceQuality "1"]

1. Nf3 Nf6 2. d4 d6 3. c4 Nbd7 4. Nc3 e5 5. e4 Be7 6. Be2 0-0 7. 0-0 c6 8. Re1 Qc7 9. Bf1 Re8 10. d5 a6 11. Be3 Ng4 12. Bd2 Rb8 13. h3 Ngf6 14. b4 c5 15. a3 Bf8 16. g3 g6 17. Rc1 Bg7 18. Bg5 Nh5 19. Nd2 h6 20. Be3 b6 21. Nb3 Kh7 22. bxc5 Nxc5 23. Rb1 Bd7 24. Nxc5 bxc5 25. Qc2 Rxb1 26. Rxb1 Rb8 27. Kh2 Rb6 28. Rxb6 Qxb6 29. Be2 Nf6 30. Bd2 Ne8 31. Bg4 Bxg4 32. hxg4 Bf6 33. Ne2 Bg5 34. f4 Bf6 35. Kg2 exf4 36. gxf4 Qb2 37. Qxb2 Bxb2 38. a4 f5 39. g5 hxg5 40. fxg5 fxe4 41. Bf4 Kg7 42. Ng3 Kf7 1/2-1/2